000 01649nam a2200265Ia 4500
999 _c52506
_d52506
001 19529
003 GE_BSU
005 20200221171610.0
008 181216s1985||||ge |||||||||||||| ||ge ||
040 _cGE_BSU
041 _ageo
080 _a821.353.1'01.09 ბ-14
100 _aბაგრატიონი, ანტონ
_97348
245 _aწყობილსიტყვაობა (ისტ. ბიბლიოგრ. ცნობები ძველ ქართულ მწერლობაზე) /
_cანტონ ბაგრატიონი ; გამოსაც. მოამზადა, გამოკვლ., კომენტ. და ლექსიკონი დაურთო ი. ლოლაშვილმა ; რედ. შ. ძიძიგური.
264 _aთბილისი :
_bმეცნიერება,
_c1985.
300 _a415 გვ. ;
_c22 სმ.
541 _h5ლ.60თ.
653 _aქართული ლიტერატურა
653 _aქართული ფილოსოფიური ტრაქტატი
653 _aლიტერატურათმცოდნეობითი ტრაქტატი
653 _aძველი ქართული ლიტერატურა
700 _aლოლაშვილი, ი.
_eგამოსაცემად მოამზადა, გამოკვლევები, კომენტარი და ლექსიკონი დაურთო
_97349
700 _aძიძიგური, შ.
_eრედაქტორი
_92258
942 _cBK
_2udc